00733cam a22002294a 4500999001500000001000600015003000900021005001700030008004100047020001800088040003300106082002000139100001800159245006000177250001200237260003400249300004500283500002000328650002500348942001200373952011800385 c5415d541517650BD-DhUAP20201210145410.0201210s2002 ii a b 001 0 eng  a9788131500500 aDNLM/DLCcDLCdBD-DhUAPbeng00a624.151 DAS223 aDas, Braja M. aPrinciples of geotechnical engineering /cBraja M. Das. a5th ed. aAustralia :bThomson,cc2002. axv, 589 pages :billustrations ;c24 cm. aIncludes index. aEngineering geology. 2ddccBK 00102ddc4070aUAPCLbUAPCLcGeneral Stacksd2020-12-10o624.151 DASp3010017650r2020-12-10t1w2020-12-10yBK